Největší hity reklamy: ziskovost a hodnota značky
Hlavné faktory, ktoré majú najväčší vplyv na ziskovosť reklamy v krátkodobom horizonte. Veľkosť trhu. Kreatívne prevedenie reklamy. Rozpočet. Variabilné mediálne náklady. Fázovanie a mediálny násobiteľ. Životný cyklus značky. Kvalita sledovania (v TV či v tlači). Úloha reklamy. Publikum. Dlhodobé do...
Salvato in:
| Autore principale: | |
|---|---|
| Altri autori: | |
| Natura: | Capitolo di libro |
| Lingua: | ceco |
| Soggetti: | |
| Tags: |
Nessun Tag, puoi essere il primo ad aggiungerne!!
|
MARC
| LEADER | 00000naa$a2200000$$$4500 | ||
|---|---|---|---|
| 001 | 0043027 | ||
| 005 | 20231016105246.3 | ||
| 041 | 0 | |a cze | |
| 044 | |a CZ | ||
| 245 | 1 | 0 | |a Největší hity reklamy: ziskovost a hodnota značky |c Paul Dyson, Karl Weaver |
| 520 | |a Hlavné faktory, ktoré majú najväčší vplyv na ziskovosť reklamy v krátkodobom horizonte. Veľkosť trhu. Kreatívne prevedenie reklamy. Rozpočet. Variabilné mediálne náklady. Fázovanie a mediálny násobiteľ. Životný cyklus značky. Kvalita sledovania (v TV či v tlači). Úloha reklamy. Publikum. Dlhodobé dopady faktorov na ziskovosť reklamy. | ||
| 610 | 2 | 0 | |a reklama |
| 610 | 2 | 0 | |a podpora predaja |
| 610 | 2 | 0 | |a produkty |
| 610 | 2 | 0 | |a značky výrobkov |
| 610 | 2 | 0 | |a efektívnosť |
| 610 | 2 | 0 | |a financie |
| 610 | 2 | 0 | |a rozpočet nákladov |
| 610 | 2 | 0 | |a kreativita |
| 610 | 2 | 0 | |a médiá |
| 610 | 2 | 0 | |a trh |
| 610 | 2 | 0 | |a spotrebitelia |
| 100 | 1 | |a Dyson, Paul | |
| 700 | 1 | |a Weaver, Karl | |